00713nam a2200217Ia 4500003000900000008004100009020002200050040001600072080001500088100002500103245004800128260003100176300001600207490004300223650001600266650002900282650002900311942000700340999001700347952013100364IN-BaIIA211028s9999 xx 000 0 eng d a978-3-642-45383-0 cIIA Library a524.3bSRI aSrinivasan, G915503 0aLife and death of the starscG. Srinivasan  aHeidelbergbSpringerc2014 axvii, 225p. aUndergraduate lecture notes in physics aPhysics973 aStars - evolution910853 aStars - formation913142 cBK c19065d19065 00104070aBANbBANcGENd2015-06-25eBBI g3534.00l0o524.3/ SRIp19987r2021-11-05v3534.00w2015-06-25yBKGRs. 3534.00